[Event "Copenhagen Chess Challenge 2014"]
[Site "Ballerup"]
[Date "2014.05.17"]
[Round "6"]
[White "Ochsner, Bjorn Moller"]
[Black "Hector, Jonny"]
[Result "1-0"]
[WhiteElo "2307"]
[BlackElo "2511"]
[PlyCount "81"]
[EventDate "2014.??.??"]
[EventType "swiss"]
[EventRounds "9"]
[EventCountry "DEN"]

1. d4 d5 2. c4 c6 3. Nf3 Nf6 4. e3 Bf5 5. Nc3 e6 6. Nh4 Be4 7. f3 Bg6 8. Qb3
Qb6 9. Nxg6 hxg6 10. Bd2 Nbd7 11. g3 Be7 12. O-O-O g5 13. Be2 O-O-O 14. Kb1
Qxb3 15. axb3 Rh7 16. e4 dxe4 17. Bxg5 Rdh8 18. h4 exf3 19. Bxf3 Bd6 20. Rhg1
Re8 21. d5 Ne5 22. Bg2 Bb4 23. Rge1 exd5 24. Bh3+ Kc7 25. Bf4 Rh5 26. cxd5 Bd6
27. dxc6 bxc6 28. Re2 Rhh8 29. Nb5+ cxb5 30. Rc2+ Kb7 31. Rxd6 Re7 32. Rc5 Rhe8
33. Bg2+ Kb8 34. Rxb5+ Kc7 35. Ra6 Kd8 36. Rb8+ Kc7 37. Rxe8 Rxe8 38. Rxa7+ Kd6
39. Rxf7 Ke6 40. Rxg7 Nd3 41. Bd2 1-0

[Event "Copenhagen Chess Challenge 2014"]
[Site "Ballerup"]
[Date "2014.05.17"]
[Round "6"]
[White "Olsen, Aage Dalstrup"]
[Black "Jensen, Morten Frank"]
[Result "1/2-1/2"]
[WhiteElo "2054"]
[BlackElo "2005"]
[PlyCount "105"]
[EventDate "2014.??.??"]
[EventType "swiss"]
[EventRounds "9"]
[EventCountry "DEN"]

1. e4 Nc6 2. Nf3 Nf6 3. e5 Ng4 4. d4 d6 5. h3 Nh6 6. Bb5 a6 7. Ba4 b5 8. Bb3
dxe5 9. d5 Na5 10. Nxe5 Nxb3 11. axb3 Qd6 12. Nf3 Bb7 13. c4 e6 14. O-O Be7 15.
Nc3 bxc4 16. bxc4 exd5 17. cxd5 O-O 18. Re1 Rfe8 19. Qb3 Rab8 20. Be3 Ba8 21.
Qc4 Nf5 22. Bf4 Rb4 23. Bxd6 Rxc4 24. Bxe7 Rxe7 25. Rxa6 Rxe1+ 26. Nxe1 Bb7 27.
Ra7 Nd6 28. Nd3 g6 29. Kf1 Kg7 30. f3 Bc8 31. Ke2 Kf6 32. Kd2 Bf5 33. g4 Bxd3
34. Kxd3 Ke5 35. Ke3 g5 36. Kd3 Rd4+ 37. Ke3 Rc4 38. Kd3 Rd4+ 39. Ke2 Rc4 40.
Ra5 Rb4 41. Nd1 Nb5 42. Kd3 Rd4+ 43. Ke3 Rxd1 44. Rxb5 Rxd5 45. Rb8 Rd6 46.
Rb5+ Rd5 47. Rb8 Rd6 48. Rg8 h6 49. Rc8 Rb6 50. Rxc7 Rb3+ 51. Kf2 Rxb2+ 52. Kg3
Kf6 53. Rc6+ 1/2-1/2

[Event "Copenhagen Chess Challenge 2014"]
[Site "Ballerup"]
[Date "2014.05.17"]
[Round "6"]
[White "Olsen, Miriam Frida"]
[Black "Bjerre, Tavs"]
[Result "1/2-1/2"]
[WhiteElo "1952"]
[BlackElo "2067"]
[PlyCount "40"]
[EventDate "2014.??.??"]
[EventType "swiss"]
[EventRounds "9"]
[EventCountry "DEN"]

1. e4 c5 2. Nf3 e6 3. d4 cxd4 4. Nxd4 Nc6 5. Nc3 Qc7 6. Be3 a6 7. Qd2 Nf6 8.
O-O-O Be7 9. f3 O-O 10. Kb1 b5 11. g4 Rd8 12. g5 Nh5 13. f4 Nxd4 14. Qxd4 Nxf4
15. h4 b4 16. Na4 d5 17. Bxf4 Qxf4 18. Nb6 Rb8 19. Nxc8 Rbxc8 20. Bxa6 Ra8
1/2-1/2

[Event "Copenhagen Chess Challenge 2014"]
[Site "Ballerup"]
[Date "2014.05.17"]
[Round "6"]
[White "Pedersen, Daniel V"]
[Black "Stefansson, Hannes"]
[Result "1-0"]
[WhiteElo "2244"]
[BlackElo "2548"]
[PlyCount "35"]
[EventDate "2014.??.??"]
[EventType "swiss"]
[EventRounds "9"]
[EventCountry "DEN"]

1. e4 c5 2. c3 Nf6 3. e5 Nd5 4. d4 cxd4 5. Nf3 e6 6. cxd4 d6 7. Bc4 Nb6 8. Bd3
Nc6 9. O-O dxe5 10. dxe5 Nb4 11. Be4 Qxd1 12. Rxd1 N4d5 13. a4 a5 14. Nc3 Nxc3
15. bxc3 Be7 16. Be3 Nc4 17. Bd4 f5 18. Bd3 1-0

[Event "Copenhagen Chess Challenge 2014"]
[Site "Ballerup"]
[Date "2014.05.17"]
[Round "6"]
[White "Petrovski, Petruli"]
[Black "Nielsen, Thomas (1994)"]
[Result "1/2-1/2"]
[WhiteElo "1866"]
[BlackElo "1600"]
[PlyCount "76"]
[EventDate "2014.??.??"]
[EventType "swiss"]
[EventRounds "9"]
[EventCountry "DEN"]

1. Nf3 Nf6 2. g3 g6 3. b3 b6 4. Bg2 Bb7 5. Bb2 Bg7 6. O-O O-O 7. d3 d6 8. Nbd2
Nbd7 9. e4 e5 10. Re1 Re8 11. c4 Nc5 12. Qc2 Ne6 13. d4 exd4 14. Nxd4 Nxd4 15.
Bxd4 c5 16. Bb2 Qc7 17. Rad1 Re7 18. f3 Rae8 19. Kf2 Ba6 20. a4 Bb7 21. Nf1 Nh5
22. Bxg7 Nxg7 23. Ne3 Ne6 24. Qd3 Nd4 25. Nc2 Nxc2 26. Qxc2 f5 27. exf5 Rxe1
28. Rxe1 Rxe1 29. Kxe1 Qe7+ 30. Kf2 Qf6 31. fxg6 hxg6 32. Qd2 Kf7 33. f4 Bc8
34. Bd5+ Kg7 35. Bf3 Bf5 36. g4 Qh4+ 37. Ke3 Qe7+ 38. Kf2 Qh4+ 1/2-1/2

[Event "Copenhagen Chess Challenge 2014"]
[Site "Ballerup"]
[Date "2014.05.17"]
[Round "6"]
[White "Roneid, Heidi"]
[Black "Molvig, Julius"]
[Result "0-1"]
[WhiteElo "1656"]
[BlackElo "1899"]
[PlyCount "58"]
[EventDate "2014.??.??"]
[EventType "swiss"]
[EventRounds "9"]
[EventCountry "DEN"]

1. e4 c5 2. c3 Nf6 3. e5 Nd5 4. d4 cxd4 5. cxd4 Nc6 6. Nf3 d6 7. Bc4 Nb6 8. Bb3
d5 9. Nc3 Bg4 10. Be3 e6 11. h3 Bh5 12. O-O Be7 13. Bc2 Nc4 14. b3 Nxe3 15.
fxe3 Rc8 16. a3 Nxe5 17. Nxd5 Nxf3+ 18. gxf3 Qxd5 19. e4 Qg5+ 20. Kh1 Qh4 21.
Bd3 Qxh3+ 22. Kg1 Qg3+ 23. Kh1 O-O 24. Ra2 Qf4 25. Bc4 Rfd8 26. Rh2 Bg6 27. Rg1
Bf6 28. Rg4 Qe3 29. e5 Bxe5 0-1

[Event "Copenhagen Chess Challenge 2014"]
[Site "Ballerup"]
[Date "2014.05.17"]
[Round "6"]
[White "Rydstrom, Tom"]
[Black "Pallesen, Jacob"]
[Result "1-0"]
[WhiteElo "2190"]
[BlackElo "2029"]
[PlyCount "71"]
[EventDate "2014.??.??"]
[EventType "swiss"]
[EventRounds "9"]
[EventCountry "DEN"]

1. e4 g6 2. d4 Bg7 3. Nc3 c6 4. h4 d5 5. Be3 Nf6 6. e5 Ng4 7. Bf4 h5 8. Nf3 Bf5
9. Ng5 f6 10. exf6 exf6 11. Nf3 Nd7 12. Bd3 Bxd3 13. Qxd3 Kf7 14. O-O Re8 15.
Rfe1 Rxe1+ 16. Rxe1 Qf8 17. Ne2 Re8 18. c4 Bh6 19. cxd5 cxd5 20. Qb5 Nb6 21.
Bc7 Kg7 22. Bxb6 axb6 23. Qxd5 Qb4 24. Qb3 Qd6 25. Qd3 Re7 26. Rd1 Kh7 27. Nc3
Bf4 28. Ne4 Bh2+ 29. Kf1 Qf4 30. Re1 Kg7 31. g3 Qc7 32. d5 f5 33. d6 Qd7 34.
Qd4+ Re5 35. Nxe5 Qb5+ 36. Nd3+ 1-0

[Event "Copenhagen Chess Challenge 2014"]
[Site "Ballerup"]
[Date "2014.05.17"]
[Round "6"]
[White "Sahl, Bjarke"]
[Black "de Blecourt Dalsberg, Sandra"]
[Result "1-0"]
[WhiteElo "2368"]
[BlackElo "2121"]
[PlyCount "69"]
[EventDate "2014.??.??"]
[EventType "swiss"]
[EventRounds "9"]
[EventCountry "DEN"]

1. e4 e6 2. d4 d5 3. e5 c5 4. c3 Nc6 5. Nf3 Bd7 6. a3 f6 7. Bb5 Nxe5 8. Bxd7+
Nxd7 9. O-O Qb6 10. dxc5 Bxc5 11. b4 Bd6 12. Be3 Qc7 13. Nd4 Kf7 14. f4 a6 15.
Nd2 Ne7 16. Rc1 b5 17. a4 Nc6 18. axb5 Nxd4 19. cxd4 Qb8 20. Rc6 axb5 21. f5
Re8 22. Qh5+ Kg8 23. fxe6 Rxe6 24. Qxd5 Nf8 25. Ne4 Bxh2+ 26. Kh1 Qb7 27. Rfc1
Ra6 28. Kxh2 Raxc6 29. Nd6 Rcxd6 30. Qxb7 Rxe3 31. Rc7 Ne6 32. Rc8+ Rd8 33.
Rxd8+ Nxd8 34. Qd7 Ne6 35. Qe8+ 1-0

[Event "Copenhagen Chess Challenge 2014"]
[Site "Ballerup"]
[Date "2014.05.17"]
[Round "6"]
[White "Semcesen, Daniel"]
[Black "Hoi, Carsten"]
[Result "1/2-1/2"]
[WhiteElo "2513"]
[BlackElo "2397"]
[PlyCount "68"]
[EventDate "2014.??.??"]
[EventType "swiss"]
[EventRounds "9"]
[EventCountry "DEN"]

1. d4 Nf6 2. c4 g6 3. Nc3 Bg7 4. e4 d6 5. h3 c5 6. d5 O-O 7. Nf3 a6 8. a4 e5 9.
g4 Nbd7 10. Be3 Rb8 11. Nd2 Qe7 12. Be2 Ne8 13. Rg1 Kh8 14. Qc2 Bf6 15. Nf3 Bg7
16. h4 Ndf6 17. Nd2 Ng8 18. h5 f5 19. gxf5 gxf5 20. exf5 Bxf5 21. Bd3 Bxd3 22.
Qxd3 Nef6 23. Nde4 Bh6 24. O-O-O Nxe4 25. Nxe4 Bxe3+ 26. fxe3 Nf6 27. Rg2 b5
28. cxb5 axb5 29. h6 c4 30. Qc2 Rg8 31. Rdg1 Rxg2 32. Rxg2 Nxe4 33. Qxe4 Qf6
34. axb5 Qxh6 1/2-1/2

[Event "Copenhagen Chess Challenge 2014"]
[Site "Ballerup"]
[Date "2014.05.17"]
[Round "6"]
[White "Skovgaard, Ib"]
[Black "Larsen, Preben R"]
[Result "0-1"]
[WhiteElo "2041"]
[BlackElo "1808"]
[PlyCount "50"]
[EventDate "2014.??.??"]
[EventType "swiss"]
[EventRounds "9"]
[EventCountry "DEN"]

1. e4 c5 2. Nf3 Nc6 3. d4 cxd4 4. Nxd4 e5 5. Nb5 a6 6. Nd6+ Bxd6 7. Qxd6 Qf6 8.
Qa3 Qg6 9. Be3 Qxe4 10. Nc3 Qb4 11. Qxb4 Nxb4 12. O-O-O Ne7 13. f4 f6 14. fxe5
fxe5 15. Bc5 Nbc6 16. Bc4 b5 17. Bd5 Bb7 18. Ne4 Nc8 19. Rhf1 Nd8 20. Ng5 d6
21. Bf3 Bxf3 22. Rxf3 dxc5 23. Rxd8+ Kxd8 24. Nf7+ Ke7 25. Nxh8 Nd6 0-1

[Event "Copenhagen Chess Challenge 2014"]
[Site "Ballerup"]
[Date "2014.05.17"]
[Round "6"]
[White "Sorensen, Per Settergren"]
[Black "Englert, Fabian"]
[Result "0-1"]
[WhiteElo "2021"]
[BlackElo "2310"]
[PlyCount "116"]
[EventDate "2014.??.??"]
[EventType "swiss"]
[EventRounds "9"]
[EventCountry "DEN"]

1. e4 Nf6 2. e5 Nd5 3. d4 d6 4. c4 Nb6 5. exd6 cxd6 6. Nc3 g6 7. Be3 Bg7 8. b3
O-O 9. Nf3 Bg4 10. Be2 Nc6 11. Rc1 d5 12. c5 Nc8 13. Qd2 e6 14. h3 Bxf3 15.
Bxf3 N8e7 16. g4 f5 17. Ne2 fxg4 18. Bxg4 Nf5 19. Bxf5 Rxf5 20. h4 Qf6 21. f4
Bh6 22. b4 a6 23. a4 Rh5 24. b5 axb5 25. axb5 Rxh4 26. Rf1 Ne7 27. c6 bxc6 28.
bxc6 Nc8 29. Qb4 Qf8 30. Qb7 Nd6 31. Qd7 Nc4 32. Qxe6+ Qf7 33. Qxf7+ Kxf7 34.
Bd2 Rc8 35. Rxc4 dxc4 36. d5 Rh5 37. Nc3 Bg7 38. f5 Rxf5 39. Rxf5+ gxf5 40. Nb5
Be5 41. Bb4 Kf6 42. Nd6 Bxd6 43. Bxd6 Rd8 44. c7 Rc8 45. Bf4 Kf7 46. Kd2 Ke8
47. Kc3 Kd7 48. Kxc4 Re8 49. Kc5 Re4 50. Bd6 Re2 51. Bf4 Re4 52. Bd6 h5 53. Kb6
Rc4 54. Bc5 Rxc5 55. Kxc5 Kxc7 56. d6+ Kd7 57. Kd4 Kxd6 58. Ke3 Ke5 0-1

[Event "Copenhagen Chess Challenge 2014"]
[Site "Ballerup"]
[Date "2014.05.17"]
[Round "6"]
[White "Stojanovski, Sandi"]
[Black "Quernheim, Daniel"]
[Result "1-0"]
[WhiteElo "2265"]
[BlackElo "2032"]
[PlyCount "109"]
[EventDate "2014.??.??"]
[EventType "swiss"]
[EventRounds "9"]
[EventCountry "DEN"]

1. d4 d5 2. c4 e6 3. Nc3 c6 4. cxd5 exd5 5. Bf4 Bd6 6. Bxd6 Qxd6 7. e3 Bf5 8.
Nge2 Nf6 9. Ng3 Bg6 10. Bd3 Bxd3 11. Qxd3 g6 12. f3 O-O 13. e4 Qb4 14. e5 Ne8
15. f4 c5 16. O-O Qxd4+ 17. Qxd4 cxd4 18. Nxd5 Nc6 19. Ne4 Rd8 20. Ndf6+ Nxf6
21. Nxf6+ Kg7 22. Rad1 Nb4 23. a3 Nd5 24. Nxd5 Rxd5 25. Rd2 f6 26. exf6+ Rxf6
27. g3 Re6 28. Kf2 Kf6 29. Re1 Rxe1 30. Kxe1 Kf5 31. Re2 Rb5 32. Rd2 Ke4 33.
Re2+ Kd3 34. g4 h5 35. h3 Kc4 36. Rf2 hxg4 37. hxg4 Rb6 38. f5 gxf5 39. gxf5
Rf6 40. Kd2 b5 41. Rf3 a5 42. b3+ Kd5 43. Kd3 Ke5 44. Rf1 Kd5 45. b4 axb4 46.
axb4 Ke5 47. Rc1 Kxf5 48. Rf1+ Ke5 49. Rxf6 Kxf6 50. Kxd4 Ke6 51. Kc5 Kd7 52.
Kxb5 Kc7 53. Ka6 Kb8 54. b5 Ka8 55. b6 1-0

[Event "Copenhagen Chess Challenge 2014"]
[Site "Ballerup"]
[Date "2014.05.17"]
[Round "6"]
[White "Subramanian, Aditya"]
[Black "Andersen, Kim Nyvang"]
[Result "1-0"]
[WhiteElo "1845"]
[BlackElo "2039"]
[PlyCount "57"]
[EventDate "2014.??.??"]
[EventType "swiss"]
[EventRounds "9"]
[EventCountry "DEN"]

1. d4 Nf6 2. Nf3 e6 3. e3 c5 4. b3 b6 5. Bb2 Bb7 6. Bd3 Be7 7. O-O O-O 8. c4 d6
9. Nbd2 Nc6 10. Qe2 Qc7 11. Rfd1 e5 12. dxe5 dxe5 13. Ne4 Rad8 14. Nc3 g6 15.
a3 Qb8 16. Ng5 Na5 17. Bc2 h6 18. Nf3 Rfe8 19. Rxd8 Rxd8 20. Rd1 Qa8 21. Rxd8+
Bxd8 22. Nxe5 Bxg2 23. e4 Bh3 24. Qf3 Be6 25. Nd5 Ne8 26. Qf4 Bg5 27. Qg3 Nc6
28. Nxc6 Qxc6 29. Qxg5 1-0

[Event "Copenhagen Chess Challenge 2014"]
[Site "Ballerup"]
[Date "2014.05.17"]
[Round "6"]
[White "Sylvan, Jacob"]
[Black "Westerinen, Heikki"]
[Result "1/2-1/2"]
[WhiteElo "2348"]
[BlackElo "2299"]
[PlyCount "59"]
[EventDate "2014.??.??"]
[EventType "swiss"]
[EventRounds "9"]
[EventCountry "DEN"]

1. d4 d5 2. Nf3 Nf6 3. c4 dxc4 4. e3 e6 5. Bxc4 c5 6. O-O a6 7. Bb3 Nc6 8. Qe2
Be7 9. dxc5 Bxc5 10. e4 Qc7 11. e5 Nd5 12. Rd1 O-O 13. Bg5 Nce7 14. Nbd2 Ng6
15. Rac1 Qa5 16. Nc4 Qb5 17. Nd4 Bxd4 18. Rxd4 Bd7 19. h4 h6 20. Bd2 Nge7 21.
Qh5 Nf5 22. Nd6 Nxd6 23. exd6 Nf6 24. Qxb5 Bxb5 25. Rc7 Bc6 26. Ba5 Rfd8 27.
Rxc6 bxc6 28. Bxd8 Rxd8 29. Ba4 c5 30. Rd1 1/2-1/2

[Event "Copenhagen Chess Challenge 2014"]
[Site "Ballerup"]
[Date "2014.05.17"]
[Round "6"]
[White "Thorfinnsson, Bragi"]
[Black "Brondt, Nicolai Kvist"]
[Result "1/2-1/2"]
[WhiteElo "2459"]
[BlackElo "2200"]
[PlyCount "260"]
[EventDate "2014.??.??"]
[EventType "swiss"]
[EventRounds "9"]
[EventCountry "DEN"]

1. e4 c6 2. d4 d5 3. e5 c5 4. dxc5 Nc6 5. Bb5 Qc7 6. Qd4 Bf5 7. Nc3 e6 8. Nf3
Nge7 9. O-O Bxc2 10. Bf4 Bg6 11. Qa4 a6 12. b4 Rd8 13. Nd4 Qd7 14. Bg5 axb5 15.
Ndxb5 Nc8 16. Bxd8 Kxd8 17. f4 N6a7 18. Qa5+ b6 19. cxb6 Nc6 20. b7+ Nxa5 21.
b8=Q Bxb4 22. Rac1 Nc4 23. f5 Bxf5 24. Rxf5 Bxc3 25. Rxf7 Qxf7 26. Rxc3 Rf8 27.
Rf3 Qe7 28. Rxf8+ Qxf8 29. Qc7+ Ke8 30. Qxc8+ Kf7 31. Nd6+ Nxd6 32. Qc7+ Kg6
33. exd6 Qf4 34. Qc2+ Kf6 35. Qc5 d4 36. d7 Qe3+ 37. Kf1 Qd3+ 38. Ke1 Qe3+ 39.
Kf1 Qd3+ 40. Ke1 Qe3+ 41. Kd1 Qg1+ 42. Kd2 Qe3+ 43. Kd1 Qg1+ 44. Kc2 d3+ 45.
Kxd3 Qxc5 46. d8=Q+ Kf7 47. Qd7+ Kf8 48. Qxe6 Qb5+ 49. Qc4 Qf5+ 50. Ke3 Qe5+
51. Kf3 Qh5+ 52. Kg3 Qg5+ 53. Qg4 Qa5 54. a4 h5 55. Qf4+ Kg8 56. h4 Kh7 57. Kh2
g6 58. Qf7+ Kh6 59. Qf8+ Kh7 60. Qf7+ Kh6 61. Qf4+ Kh7 62. Qe4 Qc7+ 63. g3 Qa5
64. Qe7+ Kg8 65. Qg5 Qa6 66. Qd5+ Kh7 67. a5 Qe2+ 68. Qg2 Qa6 69. Qa2 Kh6 70.
Qb2 Kh7 71. Qe5 Qf1 72. Qc7+ Kg8 73. Qc2 Qa6 74. Qd2 Kh7 75. Kg1 Qa7+ 76. Kh2
Qa6 77. Qa2 Kg7 78. Qa1+ Kh7 79. Qe5 Qf1 80. Qb2 Qa6 81. Qd2 Kg7 82. Kg2 Qc6+
83. Kg1 Qc5+ 84. Kf1 Qb5+ 85. Ke1 Qe5+ 86. Kf2 Qc5+ 87. Kg2 Qc6+ 88. Kh2 Qa6
89. Qe1 Kh7 90. Qe7+ Kh6 91. Qe5 Kh7 92. Kg2 Qb7+ 93. Kf2 Qa7+ 94. Kf3 Qf7+ 95.
Ke3 Qa7+ 96. Kf4 Qd7 97. Ke3 Qa7+ 98. Ke4 Qb7+ 99. Qd5 Qe7+ 100. Kd4 Qa7+ 101.
Qc5 Qd7+ 102. Kc4 Qa4+ 103. Kd5 Qd7+ 104. Ke5 Qf5+ 105. Kd6 Qd3+ 106. Kc6 Qe4+
107. Kc7 Qa8 108. Qe7+ Kh6 109. Qe3+ Kh7 110. Qb6 Qf3 111. a6 Qxg3+ 112. Qd6
Qxh4 113. a7 Qe4 114. Qc6 Qf4+ 115. Kc8 Qf8+ 116. Kb7 Qb4+ 117. Qb6 Qe4+ 118.
Qc6 Qb4+ 119. Kc8 Qf8+ 120. Kc7 Qf4+ 121. Qd6 Qc4+ 122. Kd8 Qg8+ 123. Kd7 Qa8
124. Qb8 Qd5+ 125. Qd6 Qa8 126. Qb8 Qd5+ 127. Kc8 Qe6+ 128. Kb7 Qd5+ 129. Ka6
Qa2+ 130. Kb5 Qd5+ 1/2-1/2

[Event "Copenhagen Chess Challenge 2014"]
[Site "Ballerup"]
[Date "2014.05.17"]
[Round "6"]
[White "Thorhallsson, Throstur"]
[Black "Haub, Thorsten Michael"]
[Result "0-1"]
[WhiteElo "2437"]
[BlackElo "2441"]
[PlyCount "92"]
[EventDate "2014.??.??"]
[EventType "swiss"]
[EventRounds "9"]
[EventCountry "DEN"]

1. e4 e6 2. d4 d5 3. Nc3 Bb4 4. exd5 exd5 5. Bd3 Nf6 6. Nge2 O-O 7. Bg5 Re8 8.
O-O c6 9. f3 Nbd7 10. Qd2 Nf8 11. Ng3 Ne6 12. Be3 c5 13. Nge2 c4 14. Bf5 Nc7
15. Ng3 Nb5 16. a3 Ba5 17. a4 Nxc3 18. bxc3 g6 19. Bxc8 Qxc8 20. Bg5 Nd7 21. h4
Qc7 22. Kf2 h5 23. Ne2 Qc6 24. Rab1 a6 25. Bf4 Re6 26. Bg3 Rae8 27. Nf4 R6e7
28. Rfe1 Nb6 29. Rxe7 Rxe7 30. Ra1 Nxa4 31. Nxd5 Qxd5 32. Rxa4 Bd8 33. Ra1 a5
34. Qh6 Re6 35. Kg1 Bf6 36. Qf4 Kg7 37. Kh2 Re2 38. Rb1 b5 39. Kh1 Rxc2 40. Re1
Qd8 41. Qe4 Rxc3 42. d5 Rd3 43. d6 Qc8 44. Be5 Qf5 45. Bxf6+ Qxf6 46. Rb1 Rd4
0-1

[Event "Copenhagen Chess Challenge 2014"]
[Site "Ballerup"]
[Date "2014.05.17"]
[Round "6"]
[White "Thuesen, Mogens Henrik"]
[Black "Nyland, Thomas"]
[Result "1-0"]
[WhiteElo "2235"]
[BlackElo "2043"]
[PlyCount "59"]
[EventDate "2014.??.??"]
[EventType "swiss"]
[EventRounds "9"]
[EventCountry "DEN"]

1. d4 Nf6 2. c4 e6 3. Nc3 Bb4 4. e3 O-O 5. Nge2 d5 6. a3 Be7 7. Ng3 b6 8. Bd3
Bb7 9. cxd5 exd5 10. Nf5 Re8 11. Nxe7+ Qxe7 12. b4 Nbd7 13. O-O Ne4 14. Qb3
Ndf6 15. a4 Nxc3 16. Qxc3 Ne4 17. Qc2 Rac8 18. a5 Ra8 19. Ba3 a6 20. Rfc1 Rec8
21. b5 Qd7 22. f3 Nf6 23. bxa6 Bxa6 24. Bf5 Qe8 25. Bxc8 Qxe3+ 26. Qf2 Qxf2+
27. Kxf2 Rxc8 28. axb6 cxb6 29. Rxc8+ Bxc8 30. Be7 1-0

[Event "Copenhagen Chess Challenge 2014"]
[Site "Ballerup"]
[Date "2014.05.17"]
[Round "6"]
[White "Ziska, Helgi Dam"]
[Black "Hansen, Mads"]
[Result "1-0"]
[WhiteElo "2491"]
[BlackElo "2358"]
[PlyCount "82"]
[EventDate "2014.??.??"]
[EventType "swiss"]
[EventRounds "9"]
[EventCountry "DEN"]

1. e4 e5 2. Nf3 Nc6 3. Bc4 Bc5 4. d3 Nf6 5. Bb3 a6 6. h3 Ba7 7. c3 h6 8. Nbd2
O-O 9. Nh2 d5 10. Qf3 Be6 11. Ng4 dxe4 12. Nxe4 Nxe4 13. dxe4 Bxb3 14. axb3 Qd6
15. O-O Rad8 16. b4 Qe6 17. Qe2 Rd7 18. b5 axb5 19. Qxb5 Bb6 20. Ne3 Nd8 21.
Nc4 c6 22. Qb4 Bc7 23. Be3 Qg6 24. Rfe1 b5 25. Nd2 Ne6 26. Nf3 Rfd8 27. Qb3 Kh7
28. Ra6 Qxe4 29. Bg5 Qd3 30. Bxd8 Nc5 31. Qa2 Nxa6 32. Bxc7 Nxc7 33. Nxe5 Qd2
34. Qb1+ g6 35. Nxd7 Qxd7 36. Qd1 Nd5 37. Qd4 Qf5 38. Re8 Nf6 39. Rd8 c5 40.
Qd3 Qf4 41. Qd6 Qf5 1-0

[Event "Copenhagen Chess Challenge 2014"]
[Site "Ballerup"]
[Date "2014.05.17"]
[Round "6"]
[White "Andersen, Daniel"]
[Black "Kistrup, Nicolai"]
[Result "0-1"]
[WhiteElo "1940"]
[BlackElo "1721"]
[PlyCount "38"]
[EventDate "2014.??.??"]
[EventType "swiss"]
[EventRounds "9"]
[EventCountry "DEN"]

1. c4 Nf6 2. Nc3 g6 3. e4 d6 4. d4 Bg7 5. f3 O-O 6. Be3 c5 7. dxc5 dxc5 8. Qxd8
Rxd8 9. Bxc5 Nc6 10. Nge2 b6 11. Ba3 Ba6 12. b3 Nd7 13. Rd1 Nde5 14. Nd5 e6 15.
Nc7 Rxd1+ 16. Kxd1 Rd8+ 17. Kc2 Bb7 18. Nb5 Nd3 19. Nd6 Ndb4+ 0-1

[Event "Copenhagen Chess Challenge 2014"]
[Site "Ballerup"]
[Date "2014.05.17"]
[Round "7"]
[White "Andersen, Kim Nyvang"]
[Black "Tangelder, Yonne"]
[Result "1-0"]
[WhiteElo "2039"]
[BlackElo "1800"]
[PlyCount "93"]
[EventDate "2014.??.??"]
[EventType "swiss"]
[EventRounds "9"]
[EventCountry "DEN"]

1. d4 f5 2. Nf3 Nf6 3. c4 g6 4. g3 Bg7 5. b4 O-O 6. Bb2 d6 7. Bg2 Ne4 8. O-O
Qe8 9. Qb3 e5 10. e3 h6 11. a4 g5 12. h4 Nd7 13. c5+ Kh7 14. cxd6 cxd6 15. hxg5
hxg5 16. dxe5 Nxe5 17. Nxe5 dxe5 18. Rd1 Be6 19. Qd3 Rd8 20. Qe2 Qf7 21. Nd2
Nxd2 22. Rxd2 Bc4 23. Qe1 Rxd2 24. Qxd2 e4 25. Bxg7 Qxg7 26. Rc1 Bd3 27. f3 Rf7
28. g4 Qe5 29. Qa2 Rc7 30. Rxc7+ Qxc7 31. gxf5 exf3 32. Bxf3 Bxf5 33. Qd5 Qg3+
34. Kf1 Bh3+ 35. Ke2 Qh2+ 36. Kd3 Bf1+ 37. Kc3 Qc7+ 38. Kb3 Kh6 39. Qe6+ Kg7
40. Be4 b6 41. Qg6+ Kh8 42. Qf6+ Kg8 43. Qxf1 Qe5 44. Qc4+ Kf8 45. Qd5 Qe7 46.
Qa8+ Kf7 47. Qb7 1-0

[Event "Copenhagen Chess Challenge 2014"]
[Site "Ballerup"]
[Date "2014.05.17"]
[Round "7"]
[White "Bjerre, Tavs"]
[Black "Subramanian, Aditya"]
[Result "1/2-1/2"]
[WhiteElo "2067"]
[BlackElo "1845"]
[PlyCount "29"]
[EventDate "2014.??.??"]
[EventType "swiss"]
[EventRounds "9"]
[EventCountry "DEN"]

1. d4 Nf6 2. c4 e6 3. Nc3 Bb4 4. e3 O-O 5. Bd3 d5 6. Nf3 c5 7. O-O cxd4 8. exd4
dxc4 9. Bxc4 b6 10. Bg5 Bb7 11. Qe2 Nbd7 12. Rfd1 Be7 13. Rac1 Re8 14. Ne5 Nd5
15. Bxe7 1/2-1/2

[Event "Copenhagen Chess Challenge 2014"]
[Site "Ballerup"]
[Date "2014.05.17"]
[Round "7"]
[White "Christensen, Tobias"]
[Black "Sylvan, Jacob"]
[Result "1-0"]
[WhiteElo "2368"]
[BlackElo "2348"]
[PlyCount "85"]
[EventDate "2014.??.??"]
[EventType "swiss"]
[EventRounds "9"]
[EventCountry "DEN"]

1. e4 c5 2. Nf3 d6 3. d4 cxd4 4. Nxd4 Nf6 5. f3 g6 6. c4 Bg7 7. Nc3 Nc6 8. Be3
O-O 9. Qd2 Bd7 10. Be2 a6 11. O-O Rc8 12. Rab1 Nxd4 13. Bxd4 a5 14. Qe3 a4 15.
Bb6 Qe8 16. c5 dxc5 17. e5 Nh5 18. f4 Bh6 19. Bxh5 gxh5 20. Bxc5 Bc6 21. Rbd1
Kh8 22. Bd4 Rg8 23. Ne4 Rg6 24. Ng5 h4 25. Qh3 Bxg5 26. fxg5 e6 27. Qxh4 Kg8
28. Be3 Bd5 29. a3 h6 30. Rd2 Rc4 31. Qg3 hxg5 32. Bxg5 Qc6 33. h4 Rc1 34. Rdf2
Qc5 35. Rxc1 Qxc1+ 36. Kh2 Qc4 37. h5 Rg7 38. h6 Rg6 39. h7+ Kxh7 40. Qh3+ Kg8
41. Bf6 Kf8 42. Qh8+ Rg8 43. Bg7+ 1-0

[Event "Copenhagen Chess Challenge 2014"]
[Site "Ballerup"]
[Date "2014.05.17"]
[Round "7"]
[White "de Blecourt Dalsberg, Sandra"]
[Black "Karlsson, Ulf"]
[Result "1-0"]
[WhiteElo "2121"]
[BlackElo "1959"]
[PlyCount "115"]
[EventDate "2014.??.??"]
[EventType "swiss"]
[EventRounds "9"]
[EventCountry "DEN"]

1. d4 d5 2. c4 e6 3. Nc3 c5 4. cxd5 exd5 5. Nf3 Nc6 6. g3 Nf6 7. Bg2 Be7 8. O-O
O-O 9. Bg5 cxd4 10. Nxd4 h6 11. Be3 Re8 12. Nb3 Be6 13. Rc1 Qd7 14. Re1 Rad8
15. a3 Bh3 16. Nb5 Bxg2 17. Kxg2 a6 18. N5d4 Bd6 19. Qd3 Ne5 20. Qf5 Nc4 21.
Bf4 Qxf5 22. Nxf5 Bxf4 23. gxf4 Nxb2 24. Nc5 b6 25. Nxa6 Nc4 26. Nc7 Rf8 27.
Nxd5 Nxd5 28. Rxc4 Ra8 29. a4 Ra5 30. Rd1 Re8 31. e3 Nf6 32. Nd6 Rea8 33. Rdd4
Rd5 34. Rxd5 Nxd5 35. Kf3 Kf8 36. Ke4 Ra5 37. Nb5 Nf6+ 38. Ke5 Nd7+ 39. Kd6 Nc5
40. Nc3 f5 41. Kc6 Nxa4 42. Nxa4 b5 43. Rc5 Rxa4 44. Rxf5+ Ke7 45. Rxb5 Ra2 46.
e4 Rxf2 47. Rb7+ Ke6 48. f5+ Kf6 49. Kd7 Rxh2 50. Rb6+ Kf7 51. e5 Rd2+ 52. Rd6
Re2 53. e6+ Kf8 54. Kd8 h5 55. Rd7 h4 56. e7+ Rxe7 57. Rxe7 h3 58. Re3 1-0

[Event "Copenhagen Chess Challenge 2014"]
[Site "Ballerup"]
[Date "2014.05.17"]
[Round "7"]
[White "Englert, Fabian"]
[Black "Lauritsen, Martin Lee"]
[Result "1-0"]
[WhiteElo "2310"]
[BlackElo "2141"]
[PlyCount "61"]
[EventDate "2014.??.??"]
[EventType "swiss"]
[EventRounds "9"]
[EventCountry "DEN"]

1. d4 Nf6 2. Nf3 c5 3. d5 g6 4. Nc3 d6 5. e4 Bg7 6. Bb5+ Nfd7 7. a4 O-O 8. O-O
a6 9. Bc4 Ne5 10. Nxe5 Bxe5 11. Bg5 Bg7 12. f4 Nd7 13. Qe1 h6 14. Bh4 Rb8 15.
Qg3 b5 16. axb5 axb5 17. Nxb5 Bxb2 18. Rab1 Bf6 19. Na7 Rxb1 20. Rxb1 e5 21.
dxe6 Bxh4 22. exd7 Bxg3 23. dxc8=Q Qf6 24. Qg4 Bxf4 25. Bd5 Kg7 26. Kh1 Rb8 27.
Rf1 Be3 28. Qe2 Qg5 29. Rxf7+ Kh8 30. Qf1 Bf4 31. g3 1-0